The economics of underdevelopment

Saved in:
书目详细资料
Main Authors: Agarwala, A. N (Author), Singh, S. P (Author)
格式: 图书
语言:英语
出版: Nueva York Galaxy Book 1963
主题:
标签: 添加标签
没有标签, 成为第一个标记此记录!

MARC

LEADER 00000nam a2200000 a 4500
001 UCR7804
003 CL-VaPUC
008 980519e19630000US |||||||||||||||||eng|d
082 0 4 |a 339.46  |b AGA  |2 21 
100 0 |a Agarwala, A. N  |e author  |9 409257 
700 0 |a Singh, S. P  |e author  |9 409258 
245 1 4 |a The economics of underdevelopment 
300 |a 510 p 
942 |c BK 
945 |d 19980519 00:00:00  |a crobeson 
260 |a Nueva York  |b Galaxy Book  |c 1963 
650 0 |a Economía   |9 255568 
650 7 |a SUBDESARROLLO  |2 CL-VaPUC  |9 337696 
650 0 |a Condiciones económicas  |9 258255 
650 0 |a Población  |9 257577 
650 0 |a Desarrollo económico  |9 259599 
650 0 |a Industrialización  |9 263687 
650 0 |a Países en desarrollo  |9 259663 
650 0 |a Condiciones de vida  |9 337437 
583 |a last modification  |c 19980519 00:00:00  |k Rodrigo Vera 
999 |c 269386  |d 269384